000 nam a22 7a 4500
999 _c53907
_d53907
003 OSt
005 20220727145526.0
008 220727b xxu||||| |||| 00| 0 eng d
040 _cIIMT UNIVERSITY
100 _aSHARMA, ACHARYA SHRI RAM
245 _aHAMARI BHAVI PIDI AUR USKA NAVNIRMAN
260 _aMATHURA
_bAKHAND JYOTI SANSTHAN
_c1998
300 _a000
942 _2ddc
_c09